000 00488nam a2200169Ia 4500
008 090711s9999 xx 000 0 und d
082 _b35023
100 _aहसमनीस द. का.
245 _aSाांदिSाी गदा
260 _c1976
300 _a180
600 _aहसमनीस द. का.
630 _aSाांदिSाी गदा
700 _aहसमनीस द. का.
730 _aSाांदिSाी गदा
942 _cBOOK
999 _c300777
_d300777